| 000 | 00713nam a2200229Ia 4500 | ||
|---|---|---|---|
| 001 | 286 | ||
| 005 | 20251203123024.0 | ||
| 008 | 251203t2000||||xx |||||||||||||| ||spa|| | ||
| 020 | _a9972617165 | ||
| 041 | _aESP | ||
| 082 |
_a909.82 _bT22 T. 3 |
||
| 100 |
_aTarrida, Joan, _cdirector |
||
| 245 | 0 |
_aEl siglo XX de El Comercio : _bTomo 3 |
|
| 260 |
_aBarcelona : _bPlaza & Janés Editores, _c2000 |
||
| 300 |
_a185 páginas : _b ilustraciones, fotografías ; _c 29 cm. _e |
||
| 440 |
_a _n _v |
||
| 505 | _aContiene: Tomo 3. 1920-1929 | ||
| 650 | _aGEH | ||
| 653 | _aHistoria universal - Siglo XX; Noticias (Periodismo) - Perú - Siglo XX; El Comercio (Periódico) | ||
| 654 | _aCTP | ||
| 942 |
_cLIB _dJUS _fMAT _2ddc _n |
||
| 999 |
_c286 _d286 |
||